Sports Quiz

Random Sports or Baseball Quiz

MLB: Most Career August HRs Quiz Stats

 Plays Quiz Updated Sep 6, 2018

Challenge
Share
Tweet
Embed
Score 0/32 Timer 07:00
0 Plays Today
HR Player % Correct
148Barry Bonds
94.7%
124Babe Ruth
94.2%
119*Albert Pujols
89.3%
127Hank Aaron
88.7%
133Alex Rodriguez
87.8%
127Sammy Sosa
86.7%
132Willie Mays
81.4%
95Mickey Mantle
79.2%
107Ken Griffey, Jr.
78.8%
112Jim Thome
77.6%
101Ted Williams
77%
90Lou Gehrig
69.3%
105David Ortiz
67.6%
92Frank Thomas
66.5%
97Manny Ramirez
66.1%
94Chipper Jones
59.6%
HR Player % Correct
119Frank Robinson
59.2%
108Mike Schmidt
58.7%
102Rafael Palmeiro
54.7%
91Jimmie Foxx
54.5%
117Mel Ott
51.2%
101Willie McCovey
50.6%
92Stan Musial
49.8%
92Eddie Murray
48.8%
100Ernie Banks
47.5%
104*Adrian Beltre
45.1%
92Gary Sheffield
42.9%
109Eddie Mathews
38.4%
93Fred McGriff
36.2%
97Vladimir Guerrero
34.6%
87Duke Snider
27.7%
87Darrell Evans
21.9%

You're not logged in!

Compare scores with friends on all Sporcle quizzes.
OR
Log In

You Might Also Like...

Show Comments

Extras

Top Quizzes Today


Score Distribution

Your Account Isn't Verified!

In order to create a playlist on Sporcle, you need to verify the email address you used during registration. Go to your Sporcle Settings to finish the process.

Report this User

Report this user for behavior that violates our Community Guidelines.

Details: